000 00797nam a22002177a 4500
003 OSt
005 20251217031640.0
008 251217b |||||||| |||| 00| 0 eng d
020 _a0-7619-0782-3
040 _aDWC-Main lib
_cOC
082 _aCirc. 306.3'6 W919 2001
245 _aWorking in restructured workplaces :
_bchallenges and new directions for the sociology of work
260 _aCA :
_bSage Publications, Inc.,
_c c2001
300 _axi, 484 pages ;
_c23 cm.
504 _aIncludes bibliographical references and index
650 _2Industrial sociology
700 _aCornfield, Daniel B.
_eeditor
700 _aCampbell, Karen E.
_eeditor
700 _aMccammon, Holly J.
_eeditor
942 _2ddc
_cBK-CIRC
_hCirc. 306.3'6 W919 2001
_kCirc.
_n0
999 _c7161
_d7161